[Event "CZE-chT2B 1920"]
[Site "Czech Republic"]
[Date "2019.10.13"]
[Round "1.6"]
[White "Chmel, Kristian"]
[Black "Satransky, Jaroslav"]
[Result "0-1"]
[WhiteElo "2129"]
[BlackElo "2161"]
[PlyCount "102"]
[EventDate "2019.10.13"]
[EventType "team-tourn"]
[EventRounds "11"]
[EventCountry "CZE"]
[SourceTitle "EXT 2024"]
[Source "ChessBase"]
[SourceDate "2023.10.10"]
[SourceVersion "1"]
[SourceVersionDate "2023.10.10"]
[SourceQuality "1"]
[WhiteTeam "Kobylisy"]
[BlackTeam "Kladno"]
[WhiteTeamCountry "CZE"]
[BlackTeamCountry "CZE"]

1. e4 e5 2. Nf3 Nc6 3. d4 exd4 4. Nxd4 Bc5 5. Nb3 Bb6 6. Nc3 Qf6 7. Qe2 Nge7 8. Be3 0-0 9. 0-0-0 d6 10. Kb1 Be6 11. Nb5 Rfc8 12. N5d4 Re8 13. Nxe6 Qxe6 14. Bc1 a5 15. a4 Nb4 16. f3 Nec6 17. Qc4 Qg6 18. h4 Ne5 19. h5 Qg3 20. Qc3 h6 21. Rh3 Qf2 22. f4 Nd7 23. Rg3 Nf6 24. Rf3 Nxe4 25. Rxf2 Nxc3+ 26. bxc3 Bxf2 27. cxb4 axb4 28. Bd2 Be3 29. Bxe3 Rxe3 30. a5 Rae8 31. Kb2 R8e4 32. Nd4 Rxf4 33. Nb5 Re5 34. Bd3 Rxh5 35. Nxc7 Rxa5 36. Ne8 Rg5 37. Nxd6 Rxg2 38. Re1 g6 39. Re8+ Kg7 40. Rb8 h5 41. Rxb7 h4 42. Be4 Rd2 43. Ne8+ Kh6 44. Bc6 h3 45. Re7 Rc4 46. Ba4 h2 47. Re1 b3 48. Bxb3 Re4 49. Rh1 Rxe8 50. Bxf7 Ree2 51. Bb3 Rg2 0-1

[Event "CZE-chT2B 1819"]
[Site "Czech Republic"]
[Date "2019.03.17"]
[Round "10.4"]
[White "Chmel, Kristian"]
[Black "Jenicek, Emil"]
[Result "1-0"]
[WhiteElo "2140"]
[BlackElo "2038"]
[PlyCount "59"]
[EventDate "2018.10.14"]
[EventType "team-tourn"]
[EventRounds "11"]
[EventCountry "CZE"]
[SourceTitle "EXT 2022"]
[Source "ChessBase"]
[SourceDate "2021.10.06"]
[SourceVersion "1"]
[SourceVersionDate "2021.10.06"]
[SourceQuality "1"]
[WhiteTeam "Kobylisy"]
[BlackTeam "Teplice"]
[WhiteTeamCountry "CZE"]
[BlackTeamCountry "CZE"]

1. e4 e5 2. Nf3 Nc6 3. d4 exd4 4. Nxd4 Nf6 5. Nxc6 bxc6 6. e5 Qe7 7. Qe2 Nd5 8. c4 Ba6 9. b3 g5 10. Qe4 Nf4 11. Nd2 Bg7 12. Nf3 f6 13. Bb2 0-0-0 14. Qe3 fxe5 15. Qxa7 Bb7 16. 0-0-0 g4 17. c5 d5 18. cxd6 Rxd6 19. Ba6 Bxa6 20. Qxa6+ Kd7 21. Rxd6+ cxd6 22. Nd2 Rc8 23. Nc4 Nd5 24. Rd1 Bh6+ 25. Kb1 Rd8 26. Qb7+ Ke6 27. Qxc6 Nf6 28. Nxe5 Kf5 29. Qc2+ Ke6 30. Nc6 1-0

[Event "CZE-chT2B 1819"]
[Site "Czech Republic"]
[Date "2019.01.27"]
[Round "7.3"]
[White "Sejkora, Vlastimil"]
[Black "Chmel, Kristian"]
[Result "1-0"]
[WhiteElo "2111"]
[BlackElo "2140"]
[PlyCount "169"]
[EventDate "2018.10.14"]
[EventType "team-tourn"]
[EventRounds "11"]
[EventCountry "CZE"]
[SourceTitle "EXT 2022"]
[Source "ChessBase"]
[SourceDate "2021.10.06"]
[SourceVersion "1"]
[SourceVersionDate "2021.10.06"]
[SourceQuality "1"]
[WhiteTeam "Decin"]
[BlackTeam "Kobylisy"]
[WhiteTeamCountry "CZE"]
[BlackTeamCountry "CZE"]

1. c4 Nf6 2. Nc3 d5 3. cxd5 Nxd5 4. g3 g6 5. Bg2 Nb6 6. d4 Bg7 7. e3 0-0 8. Nge2 e5 9. 0-0 Qe7 10. a4 a5 11. Qb3 Na6 12. Re1 Nb4 13. d5 c6 14. e4 cxd5 15. exd5 Bf5 16. Ne4 N4xd5 17. N2c3 Qb4 18. Qc2 Rac8 19. Bd2 Qe7 20. Qb3 Nb4 21. Bg5 Qe6 22. Qxe6 Bxe6 23. Be7 Nc2 24. Bxf8 Bxf8 25. Ng5 Nxa1 26. Rxa1 Bb3 27. Bxb7 Rd8 28. Nf3 f6 29. Kf1 Bb4 30. Ba6 Bxc3 31. bxc3 Nxa4 32. Be2 Ra8 33. Nd2 Bc2 34. Ra2 Nxc3 35. Bc4+ Kg7 36. Rxc2 Na4 37. Bb5 Nb6 38. Nc4 Nd5 39. Bc6 Nb4 40. Bxa8 Nxc2 41. Nxa5 Nd4 42. Bd5 h5 43. f3 h4 44. Kf2 Kh6 45. Nc6 Nf5 46. Be4 hxg3+ 47. hxg3 Nd6 48. Bd3 Kg5 49. Ke3 Nf7 50. Ke4 f5+ 51. Kd5 Kf6 52. Bc2 g5 53. Nb8 g4 54. fxg4 f4 55. gxf4 exf4 56. Nd7+ Kg5 57. Bd1 Nh6 58. Ne5 Nf5 59. gxf5 Kxf5 60. Bf3 Kf6 61. Ke4 Ke6 62. Nc4 Kf6 63. Kxf4 Kg6 64. Bg4 Kf6 65. Bf5 Kf7 66. Ke5 Kg7 67. Nd6 Kf8 68. Kf6 Kg8 69. Nf7 Kf8 70. Bh7 Ke8 71. Ne5 Kf8 72. Nd7+ Ke8 73. Ke6 Kd8 74. Kd6 Ke8 75. Bg6+ Kd8 76. Nc5 Kc8 77. Bf7 Kd8 78. Nb7+ Kc8 79. Kc6 Kb8 80. Kb6 Ka8 81. Be6 Kb8 82. Nc5 Ka8 83. Bf5 Kb8 84. Na6+ Ka8 85. Be4# 1-0

[Event "CZE-chT2B 1819"]
[Site "Czech Republic"]
[Date "2018.11.04"]
[Round "2.4"]
[White "Kolar, Jachym"]
[Black "Chmel, Kristian"]
[Result "1/2-1/2"]
[WhiteElo "2146"]
[BlackElo "2140"]
[PlyCount "85"]
[EventDate "2018.10.14"]
[EventType "team-tourn"]
[EventRounds "11"]
[EventCountry "CZE"]
[SourceTitle "EXT 2022"]
[Source "ChessBase"]
[SourceDate "2021.10.06"]
[SourceVersion "1"]
[SourceVersionDate "2021.10.06"]
[SourceQuality "1"]
[WhiteTeam "Louny Union"]
[BlackTeam "Kobylisy"]
[WhiteTeamCountry "CZE"]
[BlackTeamCountry "CZE"]

1. e4 d5 2. Nc3 d4 3. Nce2 g6 4. c3 c5 5. Nf3 Nc6 6. cxd4 cxd4 7. Ng3 Bg7 8. Bc4 Nf6 9. 0-0 0-0 10. h3 Nd7 11. d3 Qb6 12. a3 Nde5 13. Bd5 Qa6 14. Ne1 Nb4 15. Bc4 Nxc4 16. dxc4 Nc6 17. c5 Be6 18. Nf3 Qb5 19. Bf4 Bb3 20. Qd2 Qxc5 21. Rac1 Qb5 22. Bh6 Rfd8 23. Bxg7 Kxg7 24. Nh4 e6 25. f4 Qa5 26. Qd3 Ba4 27. Rf2 Bb5 28. Qf3 f5 29. exf5 exf5 30. Nhxf5+ gxf5 31. Nxf5+ Kh8 32. Rc5 Qe1+ 33. Kh2 Bd3 34. Nh6 Qe3 35. Rg5 Bg6 36. Qg4 Rg8 37. Re2 Qd3 38. f5 Raf8 39. Nxg8 Bxf5 40. Qh5 Bg6 41. Rxg6 Qxg6 42. Qxg6 hxg6 43. Nh6 1/2-1/2

[Event "Prague Summer op-A 5th"]
[Site "Prague"]
[Date "2018.08.10"]
[Round "9"]
[White "Chmel, Kristian"]
[Black "Pipia, Ekaterine"]
[Result "1/2-1/2"]
[WhiteElo "2166"]
[BlackElo "1979"]
[PlyCount "73"]
[EventDate "2018.08.03"]
[EventType "swiss"]
[EventRounds "9"]
[EventCountry "CZE"]
[SourceTitle "CBM 185 Extra"]
[Source "ChessBase"]
[SourceDate "2018.07.29"]
[SourceVersion "1"]
[SourceVersionDate "2018.07.29"]
[SourceQuality "1"]

1. c4 e6 2. e4 c5 3. Nf3 Nc6 4. Nc3 Nge7 5. d4 cxd4 6. Nxd4 Nxd4 7. Qxd4 Nc6 8. Qd2 Bc5 9. Bd3 0-0 10. 0-0 b6 11. a3 Nd4 12. b4 Nb3 13. Qb2 Nxc1 14. Raxc1 Bd4 15. Qd2 a6 16. Ne2 Bf6 17. f4 g6 18. Rfd1 Qe7 19. e5 Bg7 20. Be4 Rb8 21. c5 bxc5 22. Rxc5 Bb7 23. Bxb7 Rxb7 24. Qd6 Qxd6 25. Rxd6 Ra8 26. Ra5 Rba7 27. Nc3 Bf8 28. Rd1 Be7 29. Kf1 Kg7 30. Ne4 Rc7 31. Nd6 Rc2 32. b5 Bxd6 33. exd6 Rb8 34. bxa6 Rbb2 35. Rg5 Rb6 36. Ra5 Rbb2 37. Rg5 1/2-1/2

[Event "Prague Summer op-A 5th"]
[Site "Prague"]
[Date "2018.08.07"]
[Round "6"]
[White "Chmel, Kristian"]
[Black "Karthick, Narayanan S"]
[Result "0-1"]
[WhiteElo "2166"]
[BlackElo "1979"]
[PlyCount "124"]
[EventDate "2018.08.03"]
[EventType "swiss"]
[EventRounds "9"]
[EventCountry "CZE"]
[SourceTitle "CBM 185 Extra"]
[Source "ChessBase"]
[SourceDate "2018.07.29"]
[SourceVersion "1"]
[SourceVersionDate "2018.07.29"]
[SourceQuality "1"]

1. e4 c5 2. Nf3 Nc6 3. Bb5 Nd4 4. Nxd4 cxd4 5. 0-0 a6 6. Bc4 e6 7. d3 b5 8. Bb3 Bb7 9. a4 Bc5 10. Nd2 Ne7 11. axb5 axb5 12. Rxa8 Bxa8 13. Qh5 Qb6 14. f4 0-0 15. f5 exf5 16. Nf3 Qg6 17. Qh4 d5 18. e5 Qg4 19. Qe1 Bc6 20. h3 Qh5 21. Kh1 h6 22. c3 dxc3 23. d4 cxb2 24. Bxb2 Bb6 25. Nh4 Ba5 26. Qf2 f6 27. e6 Qe8 28. Ba3 b4 29. Bc1 Bb5 30. Rg1 Bd3 31. Bxh6 Be4 32. Bd2 g5 33. Nf3 Nc6 34. Rc1 Qxe6 35. Be1 f4 36. Qa2 Nxd4 37. Nxd4 Qxh3+ 38. Kg1 Qe3+ 39. Kf1 Bd3+ 40. Ne2 Bxe2+ 41. Qxe2 Qxc1 42. Bxd5+ Kh8 43. Qe7 Qc8 44. Bf2 Qd8 45. Qe6 Qc8 46. Qe7 Qe8 47. Qc5 Qd8 48. Be4 Re8 49. Qf5 Rxe4 50. Qxe4 Kg7 51. Bd4 Qd7 52. Qd3 Qc6 53. Bb2 Bc7 54. Qf5 Be5 55. Bxe5 Qb5+ 56. Kf2 Qxe5 57. Qd7+ Kg6 58. Qd3+ f5 59. Qa6+ Kh5 60. g4+ Kxg4 61. Qh6 Qe3+ 62. Kg2 f3+ 0-1

[Event "Prague Summer op-A 5th"]
[Site "Prague"]
[Date "2018.08.06"]
[Round "5"]
[White "Gokhale, Rishabh Chandrashek"]
[Black "Chmel, Kristian"]
[Result "1/2-1/2"]
[WhiteElo "1867"]
[BlackElo "2166"]
[PlyCount "45"]
[EventDate "2018.08.03"]
[EventType "swiss"]
[EventRounds "9"]
[EventCountry "CZE"]
[SourceTitle "CBM 185 Extra"]
[Source "ChessBase"]
[SourceDate "2018.07.29"]
[SourceVersion "1"]
[SourceVersionDate "2018.07.29"]
[SourceQuality "1"]

1. d4 Nf6 2. Nf3 g6 3. Bf4 Bg7 4. e3 0-0 5. h3 d6 6. Be2 Nbd7 7. 0-0 Qe8 8. Bh2 e5 9. c4 Ne4 10. Qc2 f5 11. Nc3 Nxc3 12. Qxc3 b6 13. Rfe1 Qe7 14. Rad1 g5 15. Nd2 Bb7 16. b4 c5 17. bxc5 bxc5 18. d5 e4 19. Qa5 Ne5 20. Rb1 h5 21. Rb3 g4 22. hxg4 hxg4 23. Bf4 1/2-1/2

[Event "Prague Summer op-A 5th"]
[Site "Prague"]
[Date "2018.08.05"]
[Round "4"]
[White "Chmel, Kristian"]
[Black "Jurcik, Marian"]
[Result "1/2-1/2"]
[WhiteElo "2166"]
[BlackElo "2455"]
[PlyCount "199"]
[EventDate "2018.08.03"]
[EventType "swiss"]
[EventRounds "9"]
[EventCountry "CZE"]
[SourceTitle "CBM 185 Extra"]
[Source "ChessBase"]
[SourceDate "2018.07.29"]
[SourceVersion "1"]
[SourceVersionDate "2018.07.29"]
[SourceQuality "1"]

1. e4 c5 2. Nf3 e6 3. b3 a6 4. Bb2 Nc6 5. d4 cxd4 6. Nxd4 Qf6 7. c3 Bc5 8. Be2 Qg6 9. 0-0 Nf6 10. Nxc6 bxc6 11. e5 Nd5 12. Bf3 Nf4 13. Ba3 Bxa3 14. Nxa3 0-0 15. Nc4 f6 16. Nb6 Rb8 17. Nxd7 Bxd7 18. Qxd7 fxe5 19. Rae1 Rbd8 20. Qxc6 Rd2 21. Kh1 Nd3 22. Re2 Nxf2+ 23. Kg1 Nh3+ 24. Kh1 Rxe2 25. Bxe2 Nf4 26. Bc4 Rd8 27. g3 Nd5 28. Bxd5 exd5 29. Qxg6 hxg6 30. Kg2 e4 31. Kf2 Rc8 32. Rd1 Rxc3 33. Rxd5 Rc2+ 34. Ke3 Rxa2 35. Kxe4 Re2+ 36. Kf4 Rxh2 37. Ra5 Rf2+ 38. Kg4 Rf6 39. Kg5 Rb6 40. g4 Kf7 41. Rc5 Rxb3 42. Rc7+ Kg8 43. Rc6 Kh7 44. Rxa6 Rb5+ 45. Kf4 Kh6 46. Ra3 Rb4+ 47. Kg3 Rb1 48. Ra5 Rb3+ 49. Kg2 Kh7 50. Rc5 Kg8 51. Ra5 Kf7 52. Rc5 Kf6 53. Ra5 Re3 54. Rb5 Re5 55. Rb3 Kg5 56. Kg3 Ra5 57. Rc3 Ra1 58. Rc5+ Kh6 59. Rb5 Ra3+ 60. Kg2 Kh7 61. Rc5 Rd3 62. Ra5 Kg8 63. Rb5 Kf7 64. Ra5 Ke6 65. Rg5 Kf6 66. Ra5 Re3 67. Rb5 Re5 68. Rb3 Rd5 69. Kg3 g5 70. Re3 Re5 71. Ra3 Re1 72. Rf3+ Ke6 73. Ra3 Rd1 74. Re3+ Kd6 75. Rf3 Rd5 76. Re3 Rd4 77. Ra3 Ke5 78. Re3+ Kd5 79. Re7 Rd3+ 80. Kg2 g6 81. Re8 Ra3 82. Kf2 Ra6 83. Kf3 Rf6+ 84. Kg3 Re6 85. Ra8 Re3+ 86. Kf2 Rc3 87. Ra5+ Rc5 88. Ra6 Ke5 89. Rxg6 Kf4 90. Ra6 Rc2+ 91. Kg1 Kxg4 92. Ra3 Kf4 93. Rb3 Re2 94. Ra3 Re3 95. Rxe3 Kxe3 96. Kg2 Kf4 97. Kf2 g4 98. Kg2 g3 99. Kg1 g2 100. Kxg2 1/2-1/2

[Event "Prague Summer op-A 5th"]
[Site "Prague"]
[Date "2018.08.05"]
[Round "3"]
[White "Hald, Jens Erik Kofoed"]
[Black "Chmel, Kristian"]
[Result "0-1"]
[WhiteElo "1990"]
[BlackElo "2166"]
[PlyCount "74"]
[EventDate "2018.08.03"]
[EventType "swiss"]
[EventRounds "9"]
[EventCountry "CZE"]
[SourceTitle "CBM 185 Extra"]
[Source "ChessBase"]
[SourceDate "2018.07.29"]
[SourceVersion "1"]
[SourceVersionDate "2018.07.29"]
[SourceQuality "1"]

1. Nf3 Nf6 2. g3 g6 3. Bg2 Bg7 4. d3 d5 5. 0-0 0-0 6. Nbd2 c5 7. e4 dxe4 8. dxe4 Nc6 9. c3 Qc7 10. Qe2 Nd7 11. Rd1 Nb6 12. Nf1 Bg4 13. h3 Bxf3 14. Bxf3 Rad8 15. Bf4 Qc8 16. h4 Ne5 17. Nh2 h5 18. Bg5 Qe6 19. Be3 c4 20. Bd4 Nd3 21. Bxg7 Kxg7 22. a4 Nd7 23. Bg2 N7c5 24. f4 Qb6 25. a5 Qxb2 26. Qe3 Qxc3 27. Nf3 Nb3 28. Rab1 Qxa5 29. Rxb3 cxb3 30. Rxd3 Qa1+ 31. Kh2 b2 32. Nd2 b1Q 33. Nxb1 Qxb1 34. Rb3 Qc2 35. Rxb7 Rd2 36. Qg1 Rfd8 37. Rxe7 Rxg2+ 0-1

[Event "Klatovy op-A 24th"]
[Site "Klatovy"]
[Date "2018.07.08"]
[Round "9"]
[White "Furman, Boris"]
[Black "Chmel, Kristian"]
[Result "1-0"]
[WhiteElo "2203"]
[BlackElo "2121"]
[PlyCount "89"]
[EventDate "2018.06.30"]
[EventType "swiss"]
[EventRounds "9"]
[EventCountry "CZE"]
[SourceTitle "EXT 2019"]
[Source "ChessBase"]
[SourceDate "2018.10.10"]
[SourceVersion "1"]
[SourceVersionDate "2018.10.10"]
[SourceQuality "1"]

1. d4 Nf6 2. c4 g6 3. Nc3 d5 4. cxd5 Nxd5 5. e4 Nxc3 6. bxc3 Bg7 7. Be3 0-0 8. Nf3 c5 9. Qd2 Qa5 10. Rc1 cxd4 11. cxd4 Qxd2+ 12. Nxd2 Rd8 13. Nb3 Nd7 14. Be2 Nb6 15. 0-0 e6 16. Bg5 f6 17. Bf4 Bf8 18. Bc7 Rd7 19. Bb5 Rf7 20. Bf4 Bd7 21. Bd3 Re8 22. Na5 e5 23. dxe5 fxe5 24. Be3 Be6 25. Rc2 Kg7 26. Rb1 Rd8 27. Be2 Rfd7 28. f3 Kf6 29. h4 h6 30. Kf2 g5 31. hxg5+ hxg5 32. Rb5 Be7 33. Nb3 Bxb3 34. Rxb3 Nc8 35. Rbc3 Nb6 36. Bb5 Rd1 37. Rc7 Bb4 38. Rxb7 Be1+ 39. Ke2 Bg3 40. Rc6+ R8d6 41. Rxd6+ Rxd6 42. Rxa7 Nc8 43. Rc7 Ne7 44. Bc5 Re6 45. Bc4 1-0

[Event "Klatovy op-A 24th"]
[Site "Klatovy"]
[Date "2018.07.01"]
[Round "2"]
[White "Chmel, Kristian"]
[Black "Jurek, Josef"]
[Result "1/2-1/2"]
[WhiteElo "2121"]
[BlackElo "2277"]
[PlyCount "95"]
[EventDate "2018.06.30"]
[EventType "swiss"]
[EventRounds "9"]
[EventCountry "CZE"]
[SourceTitle "CBM 185 Extra"]
[Source "ChessBase"]
[SourceDate "2018.07.29"]
[SourceVersion "1"]
[SourceVersionDate "2018.07.29"]
[SourceQuality "1"]

1. e4 e6 2. d4 d5 3. Nc3 Bb4 4. Nge2 Nc6 5. a3 Ba5 6. Be3 Nge7 7. b4 Bb6 8. exd5 exd5 9. Ng3 Nf5 10. Nxf5 Bxf5 11. Ne2 Qf6 12. c3 0-0 13. Ng3 Bg6 14. Bd3 Ne7 15. 0-0 c6 16. Bxg6 Qxg6 17. Bf4 Nf5 18. Nxf5 Qxf5 19. Bg3 Bd8 20. Re1 Bf6 21. Qb1 Qd7 22. Bf4 Rfe8 23. Qd3 Re6 24. Rxe6 Qxe6 25. Bd2 Re8 26. Kf1 Qd6 27. g3 h6 28. Re1 Rxe1+ 29. Kxe1 a5 30. Qf5 Qe6+ 31. Qxe6 fxe6 32. Ke2 a4 33. f4 Kf7 34. h4 h5 35. Be3 Ke8 36. Bf2 Kd7 37. Be3 b6 38. Kd3 Kc7 39. Bf2 Kb7 40. Be3 Ka6 41. Bd2 Kb5 42. Be1 c5 43. Bd2 Be7 44. Be1 Kc6 45. Bd2 Kd7 46. Be1 Ke8 47. Ke3 Kf7 48. Kf3 1/2-1/2

[Event "CZE-chT2B 1718"]
[Site "Czech Republic"]
[Date "2018.02.11"]
[Round "8.6"]
[White "Chmel, Kristian"]
[Black "Mikes, Jan"]
[Result "0-1"]
[WhiteElo "2113"]
[BlackElo "2276"]
[PlyCount "88"]
[EventDate "2017.10.15"]
[EventType "team-tourn"]
[EventRounds "11"]
[EventCountry "CZE"]
[SourceTitle "EXT 2022"]
[Source "ChessBase"]
[SourceDate "2021.10.06"]
[SourceVersion "1"]
[SourceVersionDate "2021.10.06"]
[SourceQuality "1"]
[WhiteTeam "Kobylisy"]
[BlackTeam "Usti nad Labem"]
[WhiteTeamCountry "CZE"]
[BlackTeamCountry "CZE"]

1. e4 c5 2. Nf3 d6 3. d4 cxd4 4. Nxd4 Nf6 5. Nc3 a6 6. Be2 e6 7. 0-0 Be7 8. f4 0-0 9. Kh1 Qc7 10. Bf3 Nc6 11. Nb3 Rb8 12. g4 b5 13. a3 a5 14. g5 Nd7 15. Be3 Nc5 16. Bg2 Na4 17. Nxa4 bxa4 18. Nc1 Rxb2 19. Nd3 Rb5 20. Rf3 g6 21. c4 Rb3 22. Nc1 Rb8 23. Qxa4 Bd7 24. Qc2 a4 25. Nd3 Na5 26. c5 Nb3 27. Rd1 dxc5 28. Ne5 Bc6 29. Ng4 Rfd8 30. Nh6+ Kg7 31. Rxd8 Rxd8 32. Rh3 Qa5 33. Qb2+ Nd4 34. Qf2 Qb5 35. Qh4 Rh8 36. Bxd4+ cxd4 37. Qf2 Qb1+ 38. Bf1 Qxe4+ 39. Bg2 Qb1+ 40. Qf1 Bxg2+ 41. Kxg2 Qe4+ 42. Rf3 Rb8 43. Kg3 Rb3 44. Rxb3 axb3 0-1

[Event "CZE-ch blitz"]
[Site "Prague"]
[Date "2017.12.30"]
[Round "1"]
[White "Chmel, Kristian"]
[Black "Zwardon, Vojtech"]
[Result "0-1"]
[WhiteElo "2131"]
[BlackElo "2408"]
[PlyCount "94"]
[EventDate "2017.12.30"]
[EventType "swiss (blitz)"]
[EventRounds "15"]
[EventCountry "CZE"]
[SourceTitle "CBM 182 Extra"]
[Source "ChessBase"]
[SourceDate "2018.02.23"]
[SourceVersion "1"]
[SourceVersionDate "2018.02.23"]
[SourceQuality "1"]

1. e4 c5 2. Nf3 Nc6 3. Bb5 g6 4. 0-0 Bg7 5. Re1 e5 6. Bxc6 dxc6 7. h3 Qd6 8. d3 Nf6 9. Nbd2 Be6 10. Ng5 Bd7 11. Nc4 Qc7 12. a4 h6 13. Nf3 Nh5 14. Be3 b6 15. Qd2 Be6 16. b3 Nf4 17. Bxf4 exf4 18. e5 g5 19. Nd6+ Kf8 20. Nc4 Rd8 21. Qe2 Bd5 22. Rad1 Re8 23. Kh2 Re6 24. Ncd2 f6 25. c4 Bxf3 26. Nxf3 fxe5 27. Qe4 Qf7 28. d4 cxd4 29. Nxd4 exd4 30. Qxe6 Qxe6 31. Rxe6 c5 32. Rde1 Kf7 33. Re7+ Kg6 34. R1e6+ Bf6 35. Rd7 Kf5 36. Rc6 Re8 37. g4+ fxg3+ 38. fxg3 Re2+ 39. Kg1 Be5 40. g4+ Ke4 41. Re7 d3 42. Kf1 Re3 43. Rce6 Kd4 44. Rd7+ Kc3 45. Ree7 d2 46. Kf2 Re1 47. Rd8 Bd4+ 0-1

[Event "CZE-chT2B 1718"]
[Site "Czech Republic"]
[Date "2017.12.17"]
[Round "5.7"]
[White "Chmel, Kristian"]
[Black "Vacek, Radomir"]
[Result "1/2-1/2"]
[WhiteElo "2113"]
[BlackElo "2039"]
[PlyCount "98"]
[EventDate "2017.10.15"]
[EventType "team-tourn"]
[EventRounds "11"]
[EventCountry "CZE"]
[SourceTitle "EXT 2022"]
[Source "ChessBase"]
[SourceDate "2021.10.06"]
[SourceVersion "1"]
[SourceVersionDate "2021.10.06"]
[SourceQuality "1"]
[WhiteTeam "Kobylisy"]
[BlackTeam "Bakov nad Jizerou"]
[WhiteTeamCountry "CZE"]
[BlackTeamCountry "CZE"]

1. e4 c5 2. Nf3 d6 3. d4 cxd4 4. Nxd4 Nf6 5. Nc3 g6 6. Be3 Bg7 7. f3 Nc6 8. Qd2 0-0 9. Bc4 Bd7 10. 0-0-0 Rc8 11. Bb3 Ne5 12. Kb1 Nc4 13. Bxc4 Rxc4 14. b3 Rc8 15. g4 Re8 16. g5 Nh5 17. Nd5 e6 18. Nc3 Qa5 19. Ncb5 Qa6 20. a4 d5 21. exd5 e5 22. Ne2 Bxb5 23. axb5 Qxb5 24. Nc3 Qa6 25. Ne4 Red8 26. Kb2 Nf4 27. d6 Qc6 28. h4 a5 29. Ra1 Nd5 30. c4 Nxe3 31. Qxe3 Rxd6 32. Rxa5 Qc7 33. Rc5 Rc6 34. Rxc6 Qxc6 35. Ra1 b5 36. c5 Rd8 37. Kc2 Rd4 38. Qe2 h6 39. Ra5 Rb4 40. Kc3 Rxe4 41. fxe4 Qxc5+ 42. Kb2 Qd4+ 43. Ka2 b4 44. Qg2 Kh7 45. Rd5 Qa7+ 46. Kb1 Qe3 47. Kb2 Qe1 48. Ra5 Qe3 49. Rd5 Qa7 1/2-1/2

[Event "CZE-chT2B 1718"]
[Site "Czech Republic"]
[Date "2017.10.15"]
[Round "1.7"]
[White "Chmel, Kristian"]
[Black "Havelka, Jan"]
[Result "1/2-1/2"]
[WhiteElo "2113"]
[BlackElo "2156"]
[PlyCount "156"]
[EventDate "2017.10.15"]
[EventType "team-tourn"]
[EventRounds "11"]
[EventCountry "CZE"]
[SourceTitle "EXT 2022"]
[Source "ChessBase"]
[SourceDate "2021.10.06"]
[SourceVersion "1"]
[SourceVersionDate "2021.10.06"]
[SourceQuality "1"]
[WhiteTeam "Kobylisy"]
[BlackTeam "Neratovice III"]
[WhiteTeamCountry "CZE"]
[BlackTeamCountry "CZE"]

1. e4 e6 2. d4 d5 3. e5 c5 4. c3 Nc6 5. Nf3 Bd7 6. Be2 Nge7 7. 0-0 Ng6 8. Be3 cxd4 9. cxd4 Be7 10. Nc3 0-0 11. Rc1 f6 12. exf6 Bxf6 13. Qd2 Nge7 14. Bd3 Be8 15. Ng5 Bxg5 16. Bxg5 h6 17. Bh4 Nxd4 18. Qe3 Ndc6 19. Qxe6+ Bf7 20. Qh3 Qc8 21. Qxc8 Raxc8 22. Rfe1 g5 23. Bg3 Rfd8 24. h4 Kg7 25. hxg5 hxg5 26. Nb5 Nb4 27. Rxc8 Nxc8 28. Be5+ Kg8 29. Bb1 Re8 30. Bc3 Rxe1+ 31. Bxe1 Nc6 32. Bd2 a6 33. Nc3 g4 34. b3 N8e7 35. Kh2 Be6 36. Kg3 b5 37. Ne2 Kf7 38. Nf4 Bd7 39. Nd3 Bf5 40. Kf4 Kf6 41. Bc2 d4 42. Nb4 Ng6+ 43. Kg3 Nxb4 44. Bxf5 Kxf5 45. Bxb4 Ne5 46. f3 gxf3 47. gxf3 Nd3 48. Bd2 b4 49. Kg2 a5 50. Kf1 Nc5 51. Ke2 Ke5 52. Be1 Kd5 53. Bd2 Ne6 54. Kd3 Nc7 55. Be1 Nb5 56. Bf2 Nc3 57. Bxd4 Nxa2 58. Bb2 a4 59. bxa4 b3 60. f4 Nb4+ 61. Kc3 Na6 62. Kxb3 Nc5+ 63. Ka3 Nd3 64. f5 Kc5 65. f6 Nf4 66. Kb3 Kb6 67. Be5 Ng6 68. Bc3 Kc5 69. Kc2 Kc4 70. a5 Kb5 71. Kd3 Nf8 72. Kd4 Kc6 73. Kc4 Ne6 74. Bd4 Ng5 75. a6 Ne4 76. Kb4 Nxf6 77. Bxf6 Kb6 78. Bd4+ Kxa6 1/2-1/2

[Event "Klatovy op-A 23rd"]
[Site "Klatovy"]
[Date "2017.07.04"]
[Round "4"]
[White "Chmel, Kristian"]
[Black "Zizka, Petr"]
[Result "1-0"]
[WhiteElo "2128"]
[BlackElo "1966"]
[PlyCount "55"]
[EventDate "2017.07.01"]
[EventType "swiss"]
[EventRounds "9"]
[EventCountry "CZE"]
[SourceTitle "EXT 2018"]
[Source "ChessBase"]
[SourceDate "2017.10.13"]
[SourceVersion "1"]
[SourceVersionDate "2017.10.13"]
[SourceQuality "1"]

1. e4 c5 2. Nf3 Nc6 3. Bb5 g6 4. 0-0 Bg7 5. Re1 Nf6 6. c3 Qb6 7. Bf1 d6 8. h3 0-0 9. d3 a6 10. a4 Bd7 11. Na3 Qc7 12. Bg5 Rab8 13. Nc4 b5 14. axb5 axb5 15. Ne3 e6 16. Nh2 b4 17. Rc1 Rb7 18. f4 Rfb8 19. Nhg4 Ne8 20. f5 bxc3 21. bxc3 Na5 22. Qf3 Nb3 23. Rc2 Ba4 24. Rce2 Nd2 25. Rxd2 Bxc3 26. fxe6 fxe6 27. Rf2 Ng7 28. Nh6+ 1-0

[Event "Klatovy op-A 23rd"]
[Site "Klatovy"]
[Date "2017.07.03"]
[Round "3"]
[White "Weber, Dirk"]
[Black "Chmel, Kristian"]
[Result "1-0"]
[WhiteElo "2269"]
[BlackElo "2128"]
[PlyCount "117"]
[EventDate "2017.07.01"]
[EventType "swiss"]
[EventRounds "9"]
[EventCountry "CZE"]
[SourceTitle "EXT 2018"]
[Source "ChessBase"]
[SourceDate "2017.10.13"]
[SourceVersion "1"]
[SourceVersionDate "2017.10.13"]
[SourceQuality "1"]

1. e4 c5 2. Nc3 d6 3. f4 g6 4. Nf3 Bg7 5. g3 Nc6 6. Bg2 Nh6 7. d3 0-0 8. 0-0 f5 9. Re1 Nf7 10. Be3 Nd4 11. Nh4 e6 12. Qd2 Bf6 13. Bf2 g5 14. Nf3 gxf4 15. gxf4 Kh8 16. Kh1 Rg8 17. Nxd4 cxd4 18. Ne2 e5 19. exf5 Bxf5 20. Ng3 Qd7 21. Nxf5 Qxf5 22. Bg3 Rxg3 23. hxg3 Qh5+ 24. Kg1 Rg8 25. Qe2 Qh6 26. Qf2 Qh5 27. Re4 Nh6 28. fxe5 Bxe5 29. Rh4 Qg5 30. Rf1 Bxg3 31. Qxd4+ Be5 32. Qe4 d5 33. Qxd5 Bh2+ 34. Kxh2 Qxh4+ 35. Kg1 Qg3 36. Qf3 Qe5 37. Qf6+ Qxf6 38. Rxf6 Ng4 39. Re6 Kg7 40. d4 Kf7 41. Re2 Rd8 42. c3 b6 43. Bf3 Nf6 44. Kf2 Rd7 45. Kg3 Ng8 46. Bg4 Rd6 47. d5 Ne7 48. Be6+ Kf6 49. c4 Ng6 50. Rf2+ Ke5 51. Rf7 h5 52. Rxa7 h4+ 53. Kg4 Nf4 54. Bf5 Ng2 55. Re7+ Kf6 56. Re2 h3 57. Be4 h2 58. Bxg2 Kf7 59. Kg3 1-0

[Event "CZE-chT2A 1617"]
[Site "Czech Republic"]
[Date "2017.04.02"]
[Round "11.5"]
[White "Berka, Lubos"]
[Black "Chmel, Kristian"]
[Result "0-1"]
[WhiteElo "1810"]
[BlackElo "2119"]
[PlyCount "80"]
[EventDate "2016.10.09"]
[EventType "team-tourn"]
[EventRounds "11"]
[EventCountry "CZE"]
[SourceTitle "EXT 2022"]
[Source "ChessBase"]
[SourceDate "2021.10.06"]
[SourceVersion "1"]
[SourceVersionDate "2021.10.06"]
[SourceQuality "1"]
[WhiteTeam "Plzen Kosutka"]
[BlackTeam "Praha Kobylisy"]
[WhiteTeamCountry "CZE"]
[BlackTeamCountry "CZE"]

1. e4 c5 2. Nc3 d6 3. g3 g6 4. Bg2 Bg7 5. d3 Nc6 6. Nge2 Rb8 7. 0-0 Nf6 8. h3 Nd4 9. Be3 Nxe2+ 10. Nxe2 0-0 11. Qd2 b6 12. Rab1 d5 13. Bf4 Rb7 14. e5 Nd7 15. Bxd5 Nxe5 16. Bxb7 Bxb7 17. Bxe5 Qd5 18. f3 Bxe5 19. Nf4 Qd7 20. Qg2 Bxb2 21. Kh2 Be5 22. h4 Qd4 23. Qf2 Qd6 24. Rbe1 Qf6 25. Qe3 Bd6 26. Kg2 h6 27. Nh3 Kg7 28. Nf2 Qb2 29. Ne4 Be5 30. Re2 Bb8 31. c3 Qb5 32. h5 g5 33. Nxg5 c4 34. Ne4 cxd3 35. Rd2 Qxh5 36. Rh1 Qg6 37. g4 f5 38. g5 fxe4 39. Rxh6 exf3+ 40. Kf2 Qe4 0-1